| 000 | 00773nac a22002051u 4500 | ||
|---|---|---|---|
| 020 | _a1861529783 : | ||
| 082 |
_a658.72 _bWEE |
||
| 090 |
_c9380 _d9380 |
||
| 100 | _aWeele, A. J. van. | ||
| 245 |
_aPurchasing and supply chain management : analysis, planning and practice / _cArjan J. van Weele. |
||
| 250 | _a3rd ed. | ||
| 260 |
_aAustralia ; London : _bThomson Learning, 2002. _cc2002. |
||
| 300 |
_axix, 363 p. : _bill. ; _c25 cm. |
||
| 500 | _aDistributer: Al-Ahram | ||
| 504 | _aIncludes bibliographical references and index. | ||
| 511 | _aCatalogued by: Sara | ||
| 650 | _aPurchasing -- Management. | ||
| 942 |
_cBB _k658.72WEE |
||
| 999 |
_c9380 _d9380 |
||